000 00314nam a22001457a 4500
008 221118b ||||| |||| 00| 0 eng d
020 _a9780198506140
041 _aeng
080 _a159.9
082 _a159.9PAI
100 _a25
101 _aPSI
245 _aTHE GENIUS OF SCIENCE
_cPAIS A
942 _2udc
_cBK
999 _c58962
_d58962